01629nam a2200265 a 4500020002800000020001600028082001600044100001800060245001800078250001200096260002900108300001300137490002400150520048500174650001700659700001900676856007000695942000700765999001300772952013200785952011700917952009301034952011901127952011701246 a978817649171(paperback) a 8176492175 a574.192 HAM1 aHames, David.10aBiochemistry  a2nd ed. aIndiabViva booksc2003. a422 p. ;1 aBios instant notes. aA major update of the highly popular second edition, with changes in the content and organisation that reflect advances in the subject. As with the first two editions, the third edition of Instant Notes in Biochemistry provides the essential facts of biochemistry with detailed explanations and clear illustrations. It also includes new and expanded topics such as cytoskeleton, molecular motors, bioimaging, biomembranes, cell signaling, protein structure and enzymes regulation. abiochemistry1 aHooper, Nigel.40uhttp://www.amazon.com/exec/obidos/ASIN/0415367786/chopaconline-20 cBK c896d896 0010708NFICaMLCampusbMLCampuscGENd2026-01-28l23m2o574.192 HAMp004239r2025-11-21 15:14:12s2025-11-14w2015-06-06yBK 0010708NFICaMLCampusbMLCampuscGENd2026-01-28l0o574.192 HAMp004240r2015-08-02 00:00:00w2015-08-02yREF 0010708NFICaICbICcGENd2017-03-11l0o574.192 HAMp004241r2017-03-11 00:00:00ySBK 0010708NFICaICbICcGENd2017-03-11l7m1o574.192 HAMp004285r2022-11-17 00:00:00s2020-02-15w2017-03-11yBK 0010708NFICaICbICcGENd2017-03-11l13o574.192 HAMp004286r2023-05-22 00:00:00s2023-05-11w2017-03-11yBK